La desmemoria como clave de la transición política española (Registro nro. 31502)

Detalles MARC
000 -LEADER
fixed length control field 00346 a2200109 4500
001 - CONTROL NUMBER
control field ART_30530
005 - DATE AND TIME OF LATEST TRANSACTION
control field 20260410162003.0
008 - FIXED-LENGTH DATA ELEMENTS--GENERAL INFORMATION
fixed length control field 260409a
100 1# - MAIN ENTRY--PERSONAL NAME
Personal name Ancarola, Gerardo
245 10 - TITLE STATEMENT
Title La desmemoria como clave de la transición política española
773 0# - HOST ITEM ENTRY
Title Foro político
Related parts - Vol. XXXVIII (ene./jun. 2004)
Record control number REV30389

No hay ítems disponibles.